| 000 | 01821cam a22002893a 4500 | ||
|---|---|---|---|
| 001 | 12473 | ||
| 003 | PGUSA | ||
| 005 | 20140828083252.0 | ||
| 008 | 040501s2004||||xxu|||||s|||||000 i eng d | ||
| 040 |
_aPGUSA _beng |
||
| 042 | _adc | ||
| 050 | 4 | _aPT | |
| 245 | 1 | 4 |
_aThe German Classics of the Nineteenth and Twentieth Centuries, Volume 06 : _bMasterpieces of German Literature Translated into English. in Twenty Volumes _h[electronic resource] |
| 260 |
_bProject Gutenberg, _c2004 |
||
| 505 | 0 | _aThe Life of Heinrich Heine. By William Guild Howard -- Dedication. -- Songs. -- A Lyrical Intermezzo. -- Sonnets. -- Poor Peter. -- The Two Grenadiers. -- Belshazzar. -- The Pilgrimage to Kevlaar. -- The Return Home. -- Twilight. -- Hail to the Sea. -- In the Harbor. -- A New Spring. -- Abroad. -- The Sphinx. -- Germany. -- Enfant Perdu. -- The Battlefield of Hastings. -- The Asra. -- The Passion Flower. -- The Journey to the Harz. -- Boyhood Days. -- English Fragments--Dialogue on the Thames; London; Wellington. -- Lafayette. -- The Romantic School. -- The Rabbi of Bacharach. -- The Life of Franz Grillparzer. By William Guild Howard -- Medea. -- The Jewess of Toledo. -- The Poor Musician. -- My Journey to Weimar. -- Beethoven as a Letter Writer. By Walter R. Spalding -- Beethoven's Letters. | |
| 506 | _aPublic domain in the USA. | ||
| 516 | _aElectronic text | ||
| 653 | _aGerman literature -- 19th century -- Translations into English | ||
| 653 | _aGerman literature -- 20th century -- Translations into English | ||
| 700 | 1 |
_aHeine, Heinrich, _d1797-1856 |
|
| 700 | 1 |
_aBeethoven, Ludwig van, _d1770-1827 |
|
| 700 | 1 |
_aFrancke, Kuno, _d1855-1930 |
|
| 700 | 1 |
_aGrillparzer, Franz, _d1791-1872 |
|
| 830 | 0 |
_aProject Gutenberg _v12473 |
|
| 856 | 4 | 0 | _uhttp://www.gutenberg.org/ebooks/12473 |
| 942 | _cEB | ||
| 999 |
_c241728 _d241728 |
||